Antónimos - Statistics

Estatísticas Gerais
  • Esse quiz foi jogado 425 vezes
  • A pontuação média é 19 de 26
Estatísticas das Respostas
Palavra Antónimo % Correto
Alto Baixo
99%
Preto Branco
98%
Noite Dia
98%
Amar Odiar
98%
Grande Pequeno
98%
Nunca Sempre
98%
Morto Vivo
98%
Gordo Magro
97%
Rápido Lento
95%
Frio Quente
95%
Vazio Cheio
93%
Vitória Derrota
89%
Antónimo Sinónimo
89%
Triste Alegre
81%
Público Privado
79%
Progredir Regredir
77%
Sozinho Acompanhado
76%
Curto Comprido
73%
Presente Ausente
67%
Largo Estreito
64%
Transparente Opaco
54%
Liso Áspero
38%
Soberba Humildade
34%
Sábio Ignorante
34%
Luminoso Obscuro
10%
Exaltar Deprimir
0%
Nenhum quiz correspondente encontrado
Distribuição das Pontuações
Porcentagem de Pessoas com Cada Pontuação
Percentil de Números Respondidos
Sua Pontuação Histórica
Você não jogou esse quiz